Akcionári bez dividend Príloha

Vývoj a základná charakteristika nábytkárskej spoločnosti Mier, Topoľčany. Najvýznamnejší akcionári. Hlavný výrobný program. Investície firmy. Ekonomicko-finančná pozícia firmy. Základné ekonomicko-finančné ukazovatele (1993 - 30.9. 1996, prognóza - 1996, 1997). SWOT analýza. Priemer odvetvia (1993...

Description complète

Enregistré dans:
Détails bibliographiques
Auteur principal: Kukučka, J.
Format: Chapitre de livre
Langue:slovaque
Sujets:
Tags: Ajouter un tag
Pas de tags, Soyez le premier à ajouter un tag!

MARC

LEADER 00000naa a2200000 4500
001 r025290
005 20251104123544.4
041 0 |a slo 
044 |a SK 
245 1 0 |a Akcionári bez dividend  |b Príloha  |c J. Kukučka 
520 |a Vývoj a základná charakteristika nábytkárskej spoločnosti Mier, Topoľčany. Najvýznamnejší akcionári. Hlavný výrobný program. Investície firmy. Ekonomicko-finančná pozícia firmy. Základné ekonomicko-finančné ukazovatele (1993 - 30.9. 1996, prognóza - 1996, 1997). SWOT analýza. Priemer odvetvia (1993 - 1995). Vývoj platobnej schopnosti. Investičné stupne hodnotenia. 
610 2 0 |a priemysel nábytkársky 
610 2 0 |a firmy 
610 2 0 |a analýza swot 
610 2 0 |a Slovensko 
610 2 0 |a Mier, a.s. Topoľčany 
610 2 0 |a výroba 
610 2 0 |a akcionári 
610 2 0 |a investície 
610 2 0 |a ukazovatele finančné 
610 2 0 |a solventnosť 
100 1 |a Kukučka, J.